| 000 | 00704nam a22001937a 4500 | ||
|---|---|---|---|
| 999 |
_c164142 _d164142 |
||
| 005 | 20190513103858.0 | ||
| 010 | _aUR-10097 | ||
| 020 |
_c550.00 _a9789386624246 |
||
| 035 | _aU-8652 | ||
| 037 | _bDBAD/PUB | ||
| 082 | _a921 | ||
| 100 | _aپر و فيسر ا يم کما ل ا لد ين | ||
| 245 |
_aچا ند نی د ھو پ کی _cپر و فيسر ا يم کما ل ا لد ين |
||
| 246 |
_bChandni Dhoop Ki (Urdu) _aby Prof. M.Kamaluddin |
||
| 260 |
_a Delhi _bEducational Publishing House _c2017 ء |
||
| 270 |
_a3191،Vakil Street,Kucha Pandit,Lal Kuan, _bDelhi _e110006 _k23216162 _l00911123211540 |
||
| 300 |
_a400ص _c22 Cm.(bk) |
||
| 942 |
_2ddc _cUR _h921 _mا ي م |
||